000 00646nac a22002051u 4500
010 _a 2007049255
020 _a8189757431 (hardcover)
082 0 0 _a621.042
_bPAN
090 _c10004
_d10004
100 _aPandey, Onkar N.
245 0 0 _aEnergy conversion/
_bOnkar N. Pandey, Rakesh Kumar &amul K. Agrawal
260 _aNew Delhi :
_bS. K. Kataria & Sons,2008
_c2008.
300 _a341p.:
_bill.;
_c24 cm.
500 _aDistributer: AL-Ahram
511 _acatalogued by: wessam
650 0 _aEnergy conversion.
700 1 _aKumar, Rakesh
700 1 _aAgrawal, Amul K.
942 _cBB
_k621.042PAN
999 _c10004
_d10004